Investicije 1979

Saved in:
Bibliographic Details
Format: Book
Language:Serbian
Published: Beograd Savezni zavod za statistiku 1980
Series:Statistički bilten broj 1221
Tags: Add Tag
No Tags, Be the first to tag this record!

MARC

LEADER 00000nam a2200000 4500
001 c136625
005 20250701083506.4
041 0 |a srp 
044 |a YU 
245 1 0 |a Investicije 1979 
264 1 |a Beograd  |b Savezni zavod za statistiku  |c 1980 
300 |a 178 s. 
490 1 |a Statistički bilten  |v broj 1221 
830 0 |a Statistički bilten  |v broj 1221